|
|
|
|
| LEADER |
00000naa2a2200000 4500 |
| 001 |
383731 |
| 005 |
20231101063149.0 |
| 035 |
|
|
|a (RuTPU)RU\TPU\prd\9617
|
| 090 |
|
|
|a 383731
|
| 100 |
|
|
|a 20030108a2002 k y0rusy50 ca
|
| 101 |
0 |
|
|a rus
|
| 102 |
|
|
|a RU
|
| 200 |
1 |
|
|a Безотказность ситем из функционально неоднородных модулей
|f В. А. Богатырёв
|
| 225 |
1 |
|
|a Автоматизированные системы управления
|
| 320 |
|
|
|a Библиогр.: 7 назв.
|
| 461 |
|
1 |
|0 (RuTPU)RU\TPU\prd\1687
|t Приборы и системы. Управление, контроль, диагностика
|o научно-технический и производственный журнал
|d 2000-
|
| 463 |
|
1 |
|0 (RuTPU)RU\TPU\prd\3320
|t № 3
|v С. 6-8
|d 2002
|
| 610 |
1 |
|
|a функционально неоднородные модули
|
| 610 |
1 |
|
|a управляющие системы
|
| 610 |
1 |
|
|a размещение функциональных ресурсов
|
| 610 |
1 |
|
|a надёжность систем
|
| 700 |
|
1 |
|a Богатырёв
|b В. А.
|
| 801 |
|
1 |
|a RU
|b 63413507
|c 20030108
|g PSBO
|
| 801 |
|
2 |
|a RU
|b 63413507
|c 20121008
|g RCR
|
| 942 |
|
|
|c BK
|